| 000 | 00413cam a2200169ua 4500 | ||
|---|---|---|---|
| 020 | _c145.00 | ||
| 041 |
_aeng _h |
||
| 082 |
_a581.1 _bVER/TE |
||
| 100 | _aVerma, S K . | ||
| 245 |
_aText book of plant physiology / _cS K Verma. _hTextual Documents |
||
| 260 |
_aNew Delhi : _bS.Chand and Co , _c2002. |
||
| 300 | _a483 ; . | ||
| 365 | _a145.00 | ||
| 504 | _a | ||
| 942 | _cBK | ||
| 999 |
_c13215 _d13215 |
||